Online
Catalog

Andrés Bello, maestro de América / (Record no. 17184)

MARC details
000 -CABECERA
campo de control de longitud fija 00749cam a2200253 a 4500
001 - NÚMERO DE CONTROL
campo de control 000017659
005 - FECHA Y HORA DE LA ÚLTIMA TRANSACCIÓN
campo de control 20200929165203.0
008 - DATOS DE LONGITUD FIJA--INFORMACIÓN GENERAL
campo de control de longitud fija 831013s1981 ve b 001 0 spa d
035 ## - NÚMERO DE CONTROL DEL SISTEMA
Número de control de sistema (DLC) 83213278
040 ## - FUENTE DE LA CATALOGACIÓN
Centro catalogador/agencia de origen DO-SdBNP
Centro/agencia transcriptor DLC
Centro/agencia modificador DLC
043 ## - CÓDIGO DE ÁREA GEOGRÁFICA
Código de área geográfica s-cl---
082 ## - NÚMERO DE LA CLASIFICACIÓN DECIMAL DEWEY
Número de clasificación 924.87
Número de documento/Ítem B446a, 1981
049 ## - FONDOS LOCALES (OCLC)
Fondos de biblioteca BNGR
082 00 - NÚMERO DE LA CLASIFICACIÓN DECIMAL DEWEY
Número de clasificación 861
Número de edición 19
100 1# - ENTRADA PRINCIPAL--NOMBRE DE PERSONA
Nombre de persona Agudo Freytes, Raul.
9 (RLIN) 18395
245 10 - MENCIÓN DE TÍTULO
Título Andrés Bello, maestro de América /
Mención de responsabilidad, etc. Raul Agudo Freytes.
250 ## - MENCIÓN DE EDICIÓN
Mención de edición 2a ed.
260 ## - PUBLICACIÓN, DISTRIBUCIÓN, ETC.
Lugar de publicación, distribución, etc. Caracas :
Nombre del editor, distribuidor, etc. La Casa de Bello,
Fecha de publicación, distribución, etc. 1981.
300 ## - DESCRIPCIÓN FÍSICA
Extensión 87 p. ;
Dimensiones 24 cm.
504 ## - NOTA DE BIBLIOGRAFÍA, ETC.
Nota de bibliografía, etc. Incluye referencias bibliográficas (p. 87).
600 14 - PUNTO DE ACCESO ADICIONAL DE MATERIA--NOMBRE DE PERSONA
Nombre de persona BELLO, ANDRES,
Fechas asociadas al nombre 1781-1865.
9 (RLIN) 16627
651 #4 - PUNTO DE ACCESO ADICIONAL DE MATERIA--NOMBRE GEOGRÁFICO
Nombre geográfico Chile
Subdivisión general Civilización
9 (RLIN) 32680
910 ## - DATOS DE OPCIÓN DEL USUARIO (OCLC)
Datos de opción del usuario Catalogación derivada
Holdings
Estado de retiro Estado de pérdida Restricciones de uso No para préstamo Código de colección Localización permanente Ubicación/localización actual Ubicación en estantería Fecha de adquisición Número de inventario Total de préstamos Signatura topográfica completa Código de barras Fecha visto por última vez Precio válido a partir de Tipo de ítem Koha
        Monografías: Libros y Folletos General General En catalogación 29.03.2010 LF1   924.87 861 B446a, 1981 17659-10 25.06.2020 25.06.2020 Préstamo en sala

Powered by Koha